| 000 | 00823nam a2200217 i 4500 | ||
|---|---|---|---|
| 001 | 142022 | ||
| 003 | ES-MaACL | ||
| 005 | 20231222062609.0 | ||
| 007 | t| | ||
| 008 | 071002s1904 sp ||||1| spa d | ||
| 100 | 1 |
_aVirgilio Marón, Publio. _9115452 |
|
| 245 | 1 | 3 |
_aLa Eneida / _cPublio Virgilio Marón ; traducción en verso castellano por D. Luis Herrera y Robles ; con un prólogo del Excmo. Sr. D. Juan Valera ; y un dictamen de la Real Academia Española. |
| 250 | _a2ª ed. | ||
| 260 |
_aMadrid : _bLibrería de Fernando Fé, _c1904 ( _eSevilla : _fCeledonio Salas y Cerro) |
||
| 300 |
_aXXXI, 356 p. ; _c22 cm. |
||
| 700 | 1 |
_aHerrera y Robles, Luis. _963251 |
|
| 700 | 1 |
_aValera, Juan, _d1824-1905 _9112638 |
|
| 710 | 2 |
_aReal Academia Española _96336 |
|
| 852 |
_aES-MaACL _jF-10452 |
||
| 999 |
_c142022 _d142022 |
||